| 000 | 00798cab a2200253 4500 | ||
|---|---|---|---|
| 001 | WB3519-31 | ||
| 008 | 090401t1999 xxu||||| |||| 00| 0 eng d | ||
| 035 | _a(Sirsi) u93459 | ||
| 041 | _aeng | ||
| 245 | _aFear of Treasury `banking blacklist` | ||
| 260 | _c1999 | ||
| 350 | _a0 | ||
| 490 |
_aBuilding _v264(8087) 14 May 1999, 14(1) |
||
| 520 | _aSome PFI funders have expressed concerns that the Treasury has drawn up a list of banks which it feels are unreliable and which the government should avoid working with on PFI deals. | ||
| 650 | _aBANKS | ||
| 650 | _aBLACKLIST | ||
| 650 | _aPFI TASKFORCE | ||
| 650 | _aPFI | ||
| 650 | _aPRIVATE FINANCE INITIATIVE | ||
| 650 | _aHM TREASURY | ||
| 690 | _aPROPERTY-PROPERTY FINANCE AND INVESTMENT | ||
| 942 | _n0 | ||
| 948 | _c19/05/1999 | ||
| 999 |
_c59226 _d59226 |
||